00455nam a22001457a 45000050016000000080041000160200026000570370026000830400018001092450046001272600041001732700043002143000023002575000029002802010040109419.0100401t xxu||||| |||| 00| 0 eng d a9781600571237c$12.99 bThe American Library  adplbEnglish  aThe world almanac and book of facts 2010  aNew YorkbWorld Almanac Books c2010 bNew York a132 West 31st Streete10001 a1008p.c22cm(pbk)  aThe authority since 1868